Obálka Náhled e-knihy:
PDF Epub
Pro půjčování e-knih musíte být přihlášeni.
Jak si půjčit online?

Příběh lásky /

Navzdory názvu příběh není ani tak o lásce, jako spíše o smíření se se ztrátou milované osoby.

Uloženo v:
Hlavní autor: Budař, Jan, 1977- (Autor, Ilustrátor)
Médium: E-kniha
Jazyk:Czech
Vydáno: Praha : XYZ, 2020
Vydání:1. vydání
Témata:
Tagy:
Žádné tagy
LEADER 01836cam a2200373 i 4500
001 311192
003 CZ PrSKC
005 20260601215701.0
007 ta
008 200623s2020 xr a g 000 j cze d
015 |a cnb003231690 
020 |a 9788075976697  |q (vázáno) :  |c Kč 199,00 
035 |a (OCoLC)1200258169 
040 |a KLG001  |b cze  |d ABG001  |d ABA001  |e rda 
072 7 |a 821.162.3-3  |x Česká próza  |2 Konspekt 
080 |a 821.162.3-32  |2 MRF 
080 |a (0:82-32)  |2 MRF 
100 1 |a Budař, Jan,  |d 1977-  |7 js20040119003  |4 aut  |4 ill 
245 1 0 |a Příběh lásky /  |c napsal a nakreslil Jan Budař 
250 |a 1. vydání 
264 1 |a Praha :  |b XYZ,  |c 2020 
300 |a 92 stran :  |b ilustrace (převážně barevné) ;  |c 21 cm 
336 |a text  |b txt  |2 rdacontent 
337 |a bez média  |b n  |2 rdamedia 
338 |a svazek  |b nc  |2 rdacarrier 
520 2 |a Navzdory názvu příběh není ani tak o lásce, jako spíše o smíření se se ztrátou milované osoby.  |b Pohádkový příběh určený především dospělým čtenářům. Vesnický doktor po smrti ženy přichází o smích, ale léčivé slzy se ne a ne dostavit. Vyplakat jezero slz a znovu najít radost ze života mu pomáhají mluvící zvířata. 
655 7 |a české příběhy  |7 fd133973  |2 czenas 
655 9 |a Czech stories  |2 eczenas 
900 |a ABA001  |b 19 
928 9 |a Albatros Media - XYZ 
044 |a xr 
910 |a RBIT002 
998 |d 206527  |a https://core.palmknihy.cz/api/books/206527/cover?qak91h  |b https://core.palmknihy.cz/api/books/206527/cover/400?qak91h  |c https://core.palmknihy.cz/api/books/206527/cover/50?qak91h  |e 2031-12-31  |g 80  |i 9788075976697  |j https://core.palmknihy.cz/api/books/206527/preview.epub  |k https://core.palmknihy.cz/api/books/206527/preview.pdf  |l   |q 49  |r 1  |s https://www.palmknihy.cz/kniha/206527  |t ebook  |y 2020  |z 0 
999 |d 311190